Die bevölkerungsreichsten Länder neben dem Indischen Ozean - Statistiken

Allgemein
  • Dieses Quiz wurde 140 mal gespielt
  • Das Durchschnittsergebnis liegt bei 8 aus 10
Antwortstatistiken
Einwohner Land % Korrekt
1 339 180 000 Indien
100%
263 991 000 Indonesien
92%
164 670 000 Bangladesch
90%
197 016 000 Pakistan
89%
69 038 000 Thailand
85%
81 163 000 Iran
84%
53 371 000 Myanmar
81%
57 310 000 Tansania
70%
56 522 000 Südafrika
56%
97 553 000 Ägypten
55%
Keine übereinstimmenden Quizze gefunden
Verteilung der Resultate
Anzahl Personen mit jedem Resultat
Perzentil nach korrekt beantworteten Fragen
Ihre Resultats-Entwicklung
Sie haben dieses Quiz noch nicht gespielt